| 000 | 01098nam a2200325 i 4500 | ||
|---|---|---|---|
| 001 | 28072 | ||
| 003 | KOSZ 005 | ||
| 005 | 20220615131636.0 | ||
| 008 | 961010s1984 pl f |000 0 pol d | ||
| 040 |
_cKOSZ 005 _aKOSZ 005 _dKOSZ 005/HR |
||
| 041 | _apol | ||
| 046 | _k1984 | ||
| 080 | _a69 | ||
| 080 | _a658.5 | ||
| 080 | _a005.54 | ||
| 100 | 1 |
_aBanh, Nguyen Mau _eAutor |
|
| 245 | 0 | _aMetoda planowania rezerwy zdolności produkcyjnej w budownictwie. | |
| 260 |
_aWarszawa : _bPolitechnika Warszawska, _c1984. |
||
| 300 |
_a115 s. : _bil. ; _c24 cm. |
||
| 380 | _aKsiążki | ||
| 388 | _a1901-2000 | ||
| 388 | _a1945-1989 | ||
| 490 | 1 |
_aPrace Instytutu Technologii i Organizacji Produkcji Budowlanej Politechniki Warszawskiej ; _vnr 19 |
|
| 650 | 7 | _aBudownictwo | |
| 650 | 7 | _aPlanowanie | |
| 650 | 7 | _aProdukcja | |
| 830 | _aPrace Instytutu Technologii i Organizacji Produkcji Budowlanej Politechniki Warszawskiej ; | ||
| 856 |
_uhttp://koha.tu.koszalin.pl/cgi-bin/koha/opac-detail.pl?biblionumber=28072 _yKatalog online BPK |
||
| 942 |
_cKS _2UKD |
||
| 999 |
_c28072 _d28072 |
||